000
00289nam a22001337a 4500
008
180226b xxu||||| |||| 00| 0 eng d
020
_a
9780967749884
041
_a
eng
080
_a
37
100
_a
25
101
_a
EDU
245
_a
The educated student
_c
Labunski,R
942
_2
udc
_c
BK
999
_c
43503
_d
43503